Illustrated particulars of the very choice early 18th century period residence known as Tennyson's House, Montpelier Row, Twickenham (Record no. 116534)

MARC details
000 -LEADER
fixed length control field 00682cam a22002055a 4500
001 - CONTROL NUMBER
control field L140929
008 - FIXED-LENGTH DATA ELEMENTS--GENERAL INFORMATION
fixed length control field 071018n xxk eng u
035 ## - SYSTEM CONTROL NUMBER
System control number (Sirsi) u140929
041 0# - LANGUAGE CODE
Language code of text/sound track or separate title eng
110 2# - MAIN ENTRY--CORPORATE NAME
Corporate name or jurisdiction name as entry element Chancellors
9 (RLIN) 5414
245 00 - TITLE STATEMENT
Title Illustrated particulars of the very choice early 18th century period residence known as Tennyson's House, Montpelier Row, Twickenham
260 ## - PUBLICATION, DISTRIBUTION, ETC.
Place of publication, distribution, etc. S.l.
Name of publisher, distributor, etc. s.n.
Date of publication, distribution, etc. [ca. 1930]
300 ## - PHYSICAL DESCRIPTION
Extent 9 p.
Other physical details ill.
Dimensions 32 cm.
340 ## - PHYSICAL MEDIUM
Material base and configuration Printed
351 ## - ORGANIZATION AND ARRANGEMENT OF MATERIALS
Hierarchical level Single item
500 ## - GENERAL NOTE
General note Property was for sale by private treaty
651 4# - SUBJECT ADDED ENTRY--GEOGRAPHIC NAME
Geographic name Middlesex
690 ## - LOCAL SUBJECT ADDED ENTRY--TOPICAL TERM (OCLC, RLIN)
Topical term or geographic name as entry element PROPERTY-PROPERTY ACQUISITION AND DISPOSAL-ACQUISITION AND DISPOSAL AT AUCTION
942 ## - ADDED ENTRY ELEMENTS (KOHA)
Suppress in OPAC 0
Holdings
Withdrawn status Lost status Source of classification or shelving scheme Damaged status Not for loan Home library Current library Shelving location Date acquired Total Checkouts Full call number Barcode Date last seen Copy number Price effective from Koha item type
    Dewey Decimal Classification     London London Basement 18/10/2007   BASEMENT BOX 1 30013144 06/08/2019 1 06/08/2019 Archive